[Event "Elista-ch"]
[Site "Elista"]
[Date "2012.07.11"]
[Round "10"]
[White "Bakuev, Valery"]
[Black "Dryzheva, Dariana"]
[Result "0-1"]
[WhiteElo "1840"]
[BlackElo "1643"]
[PlyCount "56"]
[EventDate "2012.07.02"]
[EventType "tourn"]
[EventRounds "11"]
[EventCountry "RUS"]
[SourceTitle "EXT 2014"]
[Source "ChessBase"]
[SourceDate "2013.11.20"]
[SourceVersion "1"]
[SourceVersionDate "2013.11.20"]
[SourceQuality "1"]

1. d4 d5 2. Bg5 h6 3. Bf4 Nf6 4. e3 c6 5. Nd2 Bf5 6. Ngf3 Qb6 7. Rb1 Nbd7 8. Ne5 e6 9. Ndf3 Bb4+ 10. Nd2 Nxe5 11. Bxe5 Ne4 12. c3 Nxd2 13. Kxd2 Bxb1 14. cxb4 Qxb4+ 15. Kc1 Bxa2 16. Bd3 f6 17. Qh5+ Ke7 18. Bg3 Bc4 19. Bc2 Bb3 20. Qg6 Rhg8 21. Rd1 Bxc2 22. Kxc2 a5 23. f4 a4 24. f5 Qb3+ 25. Kd2 Qxb2+ 26. Ke1 Qc2 27. e4 Qxe4+ 28. Kd2 Qxf5 0-1

[Event "Elista-ch"]
[Site "Elista"]
[Date "2011.07.08"]
[Round "11"]
[White "Utnasanov, Adyan"]
[Black "Dryzheva, Dariana"]
[Result "1/2-1/2"]
[WhiteElo "1895"]
[BlackElo "1591"]
[PlyCount "83"]
[EventDate "2011.06.28"]
[EventType "tourn"]
[EventRounds "11"]
[EventCountry "RUS"]
[SourceTitle "EXT 2022"]
[Source "ChessBase"]
[SourceDate "2021.10.06"]
[SourceVersion "1"]
[SourceVersionDate "2021.10.06"]
[SourceQuality "1"]

1. d4 d5 2. c4 c6 3. Nc3 Nf6 4. Bf4 e6 5. Nf3 Nbd7 6. e3 Be7 7. Bd3 dxc4 8. Bxc4 b5 9. Bd3 Bb7 10. 0-0 0-0 11. Rc1 a6 12. Qe2 c5 13. Rfd1 c4 14. Bb1 b4 15. Na4 Qa5 16. b3 c3 17. e4 Nh5 18. Be3 g6 19. e5 Bc6 20. Bh6 Ng7 21. Be4 Bb5 22. Qe3 Rac8 23. Bxg7 Kxg7 24. Bc2 Bxa4 25. bxa4 Nb6 26. Bb3 Rfd8 27. Qf4 Nxa4 28. Ng5 Rf8 29. Rd3 h6 30. Ne4 Nb2 31. Rh3 Rh8 32. Rf3 Rhf8 33. Rg3 Rcd8 34. Nf6 Qb5 35. Nh5+ Kh7 36. Qe4 Nc4 37. Bc2 Qd5 38. Rxg6 Qxe4 39. Rg7+ Kh8 40. Bxe4 Rxd4 41. Rh7+ Kg8 42. Rg7+ 1/2-1/2

[Event "Elista-ch"]
[Site "Elista"]
[Date "2011.07.05"]
[Round "8"]
[White "Dryzheva, Dariana"]
[Black "Olenina, Aysa"]
[Result "1-0"]
[WhiteElo "1591"]
[BlackElo "2046"]
[PlyCount "95"]
[EventDate "2011.06.28"]
[EventType "tourn"]
[EventRounds "11"]
[EventCountry "RUS"]
[SourceTitle "EXT 2022"]
[Source "ChessBase"]
[SourceDate "2021.10.06"]
[SourceVersion "1"]
[SourceVersionDate "2021.10.06"]
[SourceQuality "1"]

1. e4 e5 2. Nf3 Nc6 3. Bc4 Bc5 4. c3 Nf6 5. d3 d6 6. Be3 Bb6 7. Bb3 h6 8. Nbd2 0-0 9. 0-0 d5 10. Re1 d4 11. cxd4 exd4 12. Bf4 Nh5 13. Bg3 Nxg3 14. hxg3 Kh7 15. Nc4 Bc5 16. Nfe5 Nxe5 17. Nxe5 Qe7 18. f4 f6 19. Nf3 Bb4 20. Rf1 c5 21. f5 Qc7 22. Kf2 b5 23. Rc1 Qb6 24. Bd5 Rb8 25. a3 Ba5 26. Rh1 Bb7 27. Be6 c4 28. b4 cxb3 29. Bxb3 Bc3 30. Rb1 Qd6 31. Nh4 Qxa3 32. Ng6 Rfc8 33. Qg4 Bd2 34. Nf4 Be3+ 35. Ke2 Bxf4 36. Qg6+ Kh8 37. gxf4 Rc2+ 38. Bxc2 Qa2 39. Kd1 Bd5 40. exd5 Rc8 41. Rc1 b4 42. Rxh6+ Kg8 43. Qh7+ Kf7 44. Rg6 Rg8 45. Rb1 a5 46. d6 a4 47. Rxb4 Qa1+ 48. Rb1 1-0

[Event "Elista-ch"]
[Site "Elista"]
[Date "2011.07.02"]
[Round "4"]
[White "Wagner, Dinara"]
[Black "Dryzheva, Dariana"]
[Result "1/2-1/2"]
[WhiteElo "1924"]
[BlackElo "1591"]
[PlyCount "108"]
[EventDate "2011.06.28"]
[EventType "tourn"]
[EventRounds "11"]
[EventCountry "RUS"]
[SourceTitle "EXT 2022"]
[Source "ChessBase"]
[SourceDate "2021.10.06"]
[SourceVersion "1"]
[SourceVersionDate "2021.10.06"]
[SourceQuality "1"]

1. e4 c5 2. b3 Nc6 3. Bb2 e6 4. Bb5 d5 5. exd5 exd5 6. Nf3 a6 7. Bxc6+ bxc6 8. 0-0 Nf6 9. Re1+ Be7 10. Qe2 Bg4 11. Ba3 Qd6 12. d4 Ne4 13. Nbd2 f5 14. Nxe4 fxe4 15. Bxc5 Qf4 16. Bxe7 Kxe7 17. Qd2 Qxd2 18. Nxd2 Kd6 19. f3 exf3 20. gxf3 Be6 21. Re5 Rhf8 22. Kg2 Rf6 23. Rae1 Raf8 24. c4 Rg6+ 25. Kh1 Rf4 26. cxd5 cxd5 27. Nf1 Rxf3 28. Ng3 Rd3 29. R1e2 Rxd4 30. Rxe6+ Rxe6 31. Nf5+ Kc5 32. Nxd4 Rxe2 33. Nxe2 d4 34. a3 d3 35. Nc3 Kd4 36. Nd1 g5 37. Kg2 d2 38. Kf3 Kd3 39. Ne3 h5 40. b4 g4+ 41. Kf4 h4 42. Nxg4 Kc3 43. Nf2 Kb3 44. Ke3 Kxa3 45. b5 axb5 46. Kxd2 b4 47. Ke3 Kb3 48. Kd3 Kb2 49. Kd2 Ka2 50. Kc1 Kb3 51. Ne4 Ka2 52. Kd2 b3 53. Nc3+ Ka1 54. Na4 Ka2 1/2-1/2

[Event "Elista-ch"]
[Site "Elista"]
[Date "2011.06.29"]
[Round "2"]
[White "Bakuev, Valery"]
[Black "Dryzheva, Dariana"]
[Result "1-0"]
[WhiteElo "1887"]
[BlackElo "1591"]
[PlyCount "87"]
[EventDate "2011.06.28"]
[EventType "tourn"]
[EventRounds "11"]
[EventCountry "RUS"]
[SourceTitle "EXT 2022"]
[Source "ChessBase"]
[SourceDate "2021.10.06"]
[SourceVersion "1"]
[SourceVersionDate "2021.10.06"]
[SourceQuality "1"]

1. d4 d5 2. Bg5 h6 3. Bh4 c6 4. e3 Qb6 5. b3 e5 6. c3 e4 7. f3 Bf5 8. Nd2 exf3 9. Qxf3 Bg6 10. e4 Be7 11. Bxe7 Nxe7 12. Bd3 Nd7 13. Ne2 dxe4 14. Nxe4 Bxe4 15. Qxe4 Nf6 16. Qe5 Qd8 17. Nf4 0-0 18. 0-0 Re8 19. Nh5 Ned5 20. Nxf6+ Nxf6 21. Qg3 b5 22. Rf3 Qb8 23. Qh4 Qd6 24. Raf1 Re6 25. g4 Rf8 26. g5 hxg5 27. Qxg5 Rfe8 28. Rg3 Kf8 29. Qxg7+ Ke7 30. Qh6 a6 31. Qh4 c5 32. Bf5 Re2 33. Bg4 Re4 34. dxc5 Qxc5+ 35. Rf2 Rf4 36. Rgg2 Qe3 37. h3 Rd8 38. Kh2 Rxf2 39. Rxf2 Qxc3 40. Re2+ Kd6 41. Qg5 Nxg4+ 42. Qxg4 Qc7 43. Qg3+ Kd7 44. Re7+ 1-0